Elementary school 21st century dictionary : (Record no. 135291)

MARC details
000 -LEADER
fixed length control field 00872nam a22002417a 4500
005 - DATE AND TIME OF LATEST TRANSACTION
control field 20170124110243.0
010 ## - LIBRARY OF CONGRESS CONTROL NUMBER
LC control number B-097651
020 ## - INTERNATIONAL STANDARD BOOK NUMBER
Terms of availability 60.00
International Standard Book Number 8182230624
035 ## - SYSTEM CONTROL NUMBER
System control number B-097651
037 ## - SOURCE OF ACQUISITION
Source of stock number/acquisition Cen Lib/Ret
040 ## - CATALOGING SOURCE
Original cataloging agency DPL
Language of cataloging EN
082 ## - DEWEY DECIMAL CLASSIFICATION NUMBER
Classification number 483.4
Item number ELE
245 ## - TITLE STATEMENT
Title Elementary school 21st century dictionary :
Statement of responsibility, etc compiled by M. Raza-Ul-Haq, Khawaja Ejaz Easool [and] M. Saqlain Bhatti
Remainder of title english into english Urdu /
260 ## - PUBLICATION, DISTRIBUTION, ETC. (IMPRINT)
Place of publication, distribution, etc Delhi
Name of publisher, distributor, etc Educational Publishing House
Date of publication, distribution, etc 2004
270 ## - ADDRESS
City Delhi
Address 3108, Vakil Street, Kucha Pandit, Lal Kaun
Postal code 110006
300 ## - PHYSICAL DESCRIPTION
Extent 509p.
Dimensions 17m(pbk)
650 ## - SUBJECT ADDED ENTRY--TOPICAL TERM
Topical term or geographic name as entry element English to English -- dictionaries
9 (RLIN) 95935
650 ## - SUBJECT ADDED ENTRY--TOPICAL TERM
Topical term or geographic name as entry element English to Urdu --dictionaries
9 (RLIN) 95936
700 ## - ADDED ENTRY--PERSONAL NAME
Personal name M. Raza-Ul-Haq
9 (RLIN) 95937
700 ## - ADDED ENTRY--PERSONAL NAME
Personal name Khawaja Ejaz Easool
9 (RLIN) 95938
700 ## - ADDED ENTRY--PERSONAL NAME
Personal name Bhatti, M. Saqlain
9 (RLIN) 95939
942 ## - ADDED ENTRY ELEMENTS (KOHA)
Source of classification or shelving scheme Dewey Decimal Classification
Koha item type English Books
Classification part 483.4
Call number suffix ELE
Holdings
Withdrawn status Lost status Damaged status Not for loan Collection code Home library Current library Date acquired Source of acquisition Cost, normal purchase price Total Checkouts Full call number Barcode Date last seen Copy number Cost, replacement price Price effective from Koha item type
      Not For Loan Reference Central Library Central Library 05/10/2015 Cen Lib/Ref 60.00   483.4 ELE B-097651 05/10/2015 1 60.00 05/10/2015 English Books

© Delhi Public Library
Hit Counter
free hit counter